Η ανάπτυξη των παιδιών
Αποθηκεύτηκε σε:
| Κύριοι συγγραφείς: | , |
|---|---|
| Άλλοι συγγραφείς: | , , , |
| Μορφή: | Βιβλίο |
| Γλώσσα: | Greek English |
| Δημοσίευση: |
Αθήνα :
Τυπωθήτω-Δαρδανός,
c2001. 2002. .
|
| Θέματα: | |
| Ετικέτες: |
Προσθήκη ετικέτας
Δεν υπάρχουν, Καταχωρήστε ετικέτα πρώτοι!
|
MARC
| LEADER | 00000cam a2200000 i 4500 | ||
|---|---|---|---|
| 001 | 1/12451 | ||
| 008 | 110316s2001 gr | ||| |||| | gre|| | ||
| 020 | |a 960804149x |q (τ.1) | ||
| 020 | |a 9608041945 |q (τ.2) | ||
| 035 | |l 10109794 | ||
| 040 | |a GR-MyUA |b gre |e AACR2 | ||
| 041 | 1 | |a gre |h eng | |
| 082 | 7 | |a 155.4 |2 (22) | |
| 100 | 1 | |a Cole, Michael, |d 1938- | |
| 245 | 1 | 2 | |a Η ανάπτυξη των παιδιών / |c Michael Cole, Sheila R. Cole ; μετάφραση Μαρία Σόλμαν ; επιμέλεια-εισαγωγή Ζωή Μπαμπλέκου ; επιμέλεια Ζαϊρα Παπαληγούρα, Παναγιώτα Βορριά. |
| 260 | |a Αθήνα : |b Τυπωθήτω-Δαρδανός, |c c2001. |c 2002. . | ||
| 300 | |a 3τ. ; |c 25 εκ. | ||
| 504 | |a Περιλαμβάνει βιβλιογραφικές παραμπομπές και ευρετήρια. | ||
| 505 | 8 | |a Τ. 1. Η αρχή της ζωής: εγκυμοσύνη, τοκετός, βρεφική ηλικία -- τ. 2. Γνωστική και ψυχοκοινωνική ανάπτυξη κατά τη νηπιακή και μέση παιδική ηλικία. | |
| 650 | 0 | 0 | |a Child development. |
| 700 | 1 | |a Cole, Sheila, |e aut | |
| 700 | 1 | |a Σόλμαν, Μαρία, |e trlf | |
| 700 | 1 | |a Μπαμπλέκου, Ζωή, |e edtf | |
| 700 | 1 | |a Βορριά, Παναγιώτα, |e edtf | |
| 700 | 1 | |a Παπαληγούρα, Ζαΐρα, |d 1950- |e edtf | |
| 740 | 0 | 2 | |a Γνωστική και ψυχοκοινωνική ανάπτυξη κατά τη νηπιακή και μέση παιδική ηλικία. |
| 740 | 0 | 2 | |a Η αρχή της ζωής: εγκυμοσύνη, τοκετός, βρεφική ηλικία. |
| 765 | 0 | 8 | |i Μετάφραση του: |t The development of children / |
| 852 | |a INST |b LESVOS |c EUDOXUS |e 20170504 |h 155.4 COL |p 005100059112 |q 005100059112 |t EDX |v τ.2: |y 0 | ||
| 852 | |a INST |b RHODES |c EUDOXUS |e 20110316 |h 155.4 COL |p 005400032994 |q 005400032994 |t EDX |y 0 |z τ.2 | ||
| 852 | |a INST |b RHODES |c EUDOXUS |e 20140409 |h 155.4 COL |p 005400036358 |q 005400036358 |t EDX |y 0 |z τ.1 | ||
| 852 | |a INST |b RHODES |c EUDOXUS |e 20140409 |h 155.4 COL |p 005400036359 |q 005400036359 |t EDX |y 0 |z τ.1 | ||
| 852 | |a INST |b RHODES |c EUDOXUS |e 20110316 |h 155.4 COL |p 005400032994 |q 005400032994 |t EDX |v τ.2: |y 0 |z τ.2 | ||
| 852 | |a INST |b RHODES |c EUDOXUS |e 20140409 |h 155.4 COL |p 005400036358 |q 005400036358 |t EDX |v τ.1: |y 0 |z τ.1 | ||
| 852 | |a INST |b RHODES |c EUDOXUS |e 20140409 |h 155.4 COL |p 005400036359 |q 005400036359 |t EDX |v τ.1: |y 0 |z τ.1 | ||
| 852 | |a INST |b RHODES |c EUDOXUS |e 20151208 |h 155.4 COL |p 005400038120 |q 005400038120 |t EDX |v τ.2: |y 0 | ||
| 852 | |a INST |b RHODES |c EUDOXUS |e 20220303 |h 155.4 COL |p 005400042610 |q 005400042610 |t EDX |v τ.2: |y 0 | ||
| 853 | |a INST |b LESVOS |c EUDOXUS |h 155.4 COL | ||
| 853 | |a INST |b RHODES |c EUDOXUS |h 155.4 COL | ||
| 901 | |a BIBL4-2011-1 | ||
| 901 | |a BIBL4-2014-1 | ||
| 909 | |a Ρ |b 163462 | ||
| 909 | |a Ρ |b 182863 | ||
| 909 | |a Ρ |b 182864 | ||
| 920 | |a Εύδοξος |b Επιστροφή |y Ρόδος |z 2011-03 | ||
| 920 | |a Εύδοξος |b Επιστροφή |y Ρόδος |z 2015-12 | ||
| 920 | |a Εύδοξος |b Επιστροφή |y Ρόδος |z 2014-04 | ||
| 920 | |a Εύδοξος |b Επιστροφή |y Λέσβος |z 2017-03 | ||
| 920 | |a Εύδοξος |b Επιστροφή |y Ρόδος |z 2022-03 | ||
| 970 | |z 2011/03/ | ||